The clue on the crystal dove / (Record no. 306572)
[ view plain ]
| 000 -LEADER | |
|---|---|
| fixed length control field | 00550nam a2200217Ia 4500 |
| 008 - FIXED-LENGTH DATA ELEMENTS--GENERAL INFORMATION | |
| fixed length control field | 170203s9999 xx 000 0 und d |
| 020 ## - INTERNATIONAL STANDARD BOOK NUMBER | |
| International Standard Book Number | 0-743406869 |
| 050 ## - LIBRARY OF CONGRESS CALL NUMBER | |
| Classification number | Fic |
| 050 ## - LIBRARY OF CONGRESS CALL NUMBER | |
| Item number | K26c |
| 100 ## - MAIN ENTRY--PERSONAL NAME | |
| Personal name | Keene, Carolyn. |
| 245 #4 - TITLE STATEMENT | |
| Title | The clue on the crystal dove / |
| 245 ## - TITLE STATEMENT | |
| Statement of responsibility, etc | Carolyn Keene. |
| 260 ## - PUBLICATION, DISTRIBUTION, ETC. (IMPRINT) | |
| Place of publication, distribution, etc | New York : |
| 260 ## - PUBLICATION, DISTRIBUTION, ETC. (IMPRINT) | |
| Name of publisher, distributor, etc | Pocket Books, |
| 260 ## - PUBLICATION, DISTRIBUTION, ETC. (IMPRINT) | |
| Date of publication, distribution, etc | 2001 |
| 300 ## - PHYSICAL DESCRIPTION | |
| Extent | 148 pages ; |
| 300 ## - PHYSICAL DESCRIPTION | |
| Dimensions | 20 cm. |
| 500 ## - GENERAL NOTE | |
| General note | "A Minstrel book." |
| 650 ## - SUBJECT ADDED ENTRY--TOPICAL TERM | |
| Topical term or geographic name as entry element | Detective and mystery stories. |
| 650 ## - SUBJECT ADDED ENTRY--TOPICAL TERM | |
| Topical term or geographic name as entry element | Mystery and detective stories. |
| Withdrawn status | Lost status | Damaged status | Home library | Current library | Shelving location | Date acquired | Total Checkouts | Full call number | Barcode | Date last seen | Price effective from | Koha item type |
|---|---|---|---|---|---|---|---|---|---|---|---|---|
| Stonyhurst Southville International School (Batangas) | Stonyhurst Southville International School (Batangas) | 02/03/2017 | Fic .K26c 2001 | LS-3187 | 02/03/2017 | 02/03/2017 | Books |